Normal view MARC view
  • Taxation

Entry Topical Term

Number of records used in: 4

001 - CONTROL NUMBER

  • control field: 230

003 - CONTROL NUMBER IDENTIFIER

  • control field: OSt

005 - DATE AND TIME OF LATEST TRANSACTION

  • control field: 20170417103044.0

008 - FIXED-LENGTH DATA ELEMENTS

  • fixed length control field: 170417|| aca||aabn | a|a d

040 ## - CATALOGING SOURCE

  • Original cataloging agency: OSt
  • Transcribing agency: OSt

150 ## - HEADING--TOPICAL TERM

  • Topical term or geographic name entry element: Taxation
  • Form subdivision: Handbooks, manuals, etc.
  • Geographic subdivision: Great Britain

670 ## - SOURCE DATA FOUND

  • Source citation: Work cat.: (OSt): Hardman's tax rates & tables. 2006-07, 2006-
Pusat Sumber Maklumat Dato' Haji Sarmin Md Hussin, Akademi Kastam Diraja Malaysia, Melaka
Tel: 06-2331106 | Faks: 06-2313787